|
|
|
|
| LEADER |
00000cam a2200000 7i4500 |
| 001 |
0000059460 |
| 005 |
20160203.0 |
| 008 |
160203 |
| 020 |
|
|
|a 9786028074674
|
| 090 |
0 |
0 |
|a 297.648
|b MAG
|
| 100 |
1 |
|
|a Maghlouth, Abdullah
|
| 245 |
1 |
0 |
|a Jejak Khulafaur Rasyidin 1 Abu Bakar Ash-Shiddiq
|c Sami bin Abdullah al-Maghlouth
|
| 260 |
|
|
|a Jakarta :
|b Almahira ,
|c 2013
|
| 650 |
|
0 |
|a Caliphs
|x Biography
|
| 650 |
|
0 |
|a Islam
|x History
|
| 999 |
|
|
|a 0001385705
|b Book
|c Adult Collection
|e Perbadanan Perpustakaan Awam Johor
|
| 999 |
|
|
|a 0001385706
|b Book
|c Adult Collection
|e Perbadanan Perpustakaan Awam Johor
|